000 01006cam a22001934a 4500
005 20250826112043.0
008 250528s ||||||||||||||||||||||||d
035 _a23537
040 _aGR-AtMCL
_bgre
_dGR-AtMCL
_eAACR2
245 1 _aThe Effect of ''Care'' and ''Protection'' Characteristics of Father-Daughter Relationship in Childhood and Adolescent Years of Girls, on Women's Self-Esteem and Women's Femininity ans Masculinity/Psychology Research Project: Completed in Fulfillment of the Degree of Bachelor of Science (HONOURS) in Applied Psychology
260 _c2019
300 _a86
520 _aTitle, Author Declaration, Acknowledgements, Table of Contents, Abstract, Introduction, Rationale, Hypotheses, Method, Design, Participants, Materials, Procedure, Analytic Strategy, Results, Discussion, References, Appendices.
700 1 _aFarasopoulou Athanasia
_99112
700 1 _aThomas, George B.
_d1914-2006
_q(George Brinton),
_94575
942 _cDS
999 _c8538
_d8538